000 00567nam a2200217Ia 4500
003 OSt
005 20220928145619.0
006 a|||||r|||| 00| 0
007 ta
008 220927b |||||||| |||| 00| 0 eng d
024 _a81544
037 _cTextual
040 _aSDCL
_cSDCL
_beng
041 _2eng
_aeng
082 _aR3xN09x, L8
100 _aBerlin Isaiah
245 0 _aConcepts and categories
_b Philosophical essays. Ed by Henry Hardy.
260 _c1978
942 _hR3xN09x, L8
_cTEXL
_2CC
999 _c834394
_d834394